IFM Opac

Small hydroelectric projects for rural development planning and management (Record no. 18255)

MARC details
000 -LEADER
fixed length control field 00474nam a22001457a 4500
020 ## - INTERNATIONAL STANDARD BOOK NUMBER
International Standard Book Number 0080259669
082 ## - DEWEY DECIMAL CLASSIFICATION NUMBER
Classification number 363.62 SMA
100 ## - MAIN ENTRY--PERSONAL NAME
Personal name Small hydroelectric projects for rural development planning and management
9 (RLIN) 4566
245 ## - TITLE STATEMENT
Title Small hydroelectric projects for rural development planning and management
260 ## - PUBLICATION, DISTRIBUTION, ETC.
Place of publication, distribution, etc. New York
Name of publisher, distributor, etc. Pergman Press
Date of publication, distribution, etc. 1981
300 ## - PHYSICAL DESCRIPTION
Extent xiv,200p.
Other physical details ill:,23cm.
500 ## - GENERAL NOTE
General note include index
650 ## - SUBJECT ADDED ENTRY--TOPICAL TERM
Topical term or geographic name entry element Rural erectrification
9 (RLIN) 4567
942 ## - ADDED ENTRY ELEMENTS (KOHA)
Koha item type Books
Holdings
Withdrawn status Lost status Damaged status Not for loan Collection code Home library Current library Shelving location Date acquired Total Checkouts Full call number Barcode Date last seen Price effective from Koha item type
        Non-fiction IFM Main Campus Library IFM Main Campus Library Archival Collection 09/15/2021   363.62 SMA 0000001757 08/14/2017 02/19/2022 Books